| 000 | 01064nam a2200229Ia 4500 | ||
|---|---|---|---|
| 003 | Ost | ||
| 005 | 20260507075111.0 | ||
| 008 | 260507s9999||||xx |||||||||||||| ||und|| | ||
| 020 | _a2019389957 | ||
| 040 | _cfsecg | ||
| 041 | _aara | ||
| 082 | _a330 | ||
| 100 |
_aعليان، ربحي مصطفى _eمؤلف |
||
| 245 | 0 |
_aإدارة الوقت : _bالنظرية والتطبيق / _c ربحي مصطفى عليان |
|
| 260 |
_aعمان: _bدار جرير للنشر والتوزيع, _c2005 |
||
| 300 |
_a303 صفحة؛ _bإيضاحات ؛ _c25 سم |
||
| 504 | _aببليوغرافيا:ص.303 | ||
| 520 | _aالوقت وإدارة الوقت:مفاهيم أساسية،تخطيط الوقت،إدارة الوقت وتوزيعه،تنظيم الوقت وتسجيله،مضيعات الوقت،استغلال الوقت وإدارة مضيعاته،إدارة الاجتماعات،التكنولوجيا وإدارة الوقت،توصيات عامة لإدارة الوقت | ||
| 653 | _aإدارة | ||
| 653 | _aالتوقيت | ||
| 942 | _cكتاب | ||
| 999 |
_c42912 _d42912 |
||